| 000 | 00416nam a2200133 4500 | ||
|---|---|---|---|
| 999 |
_c507620 _d507620 |
||
| 008 | 190220b ||||| |||| 00| 0 eng d | ||
| 100 |
_aKumar, Niraj _92080 |
||
| 245 |
_aWe were, are, and will remain discriminated against: _bstatus of transgender persons in Odisha |
||
| 260 | _c2018 | ||
| 300 | _ap.30-35. | ||
| 773 | _aEconomic and Political Weekly | ||
| 906 | _aTransgender - India - Odisha | ||
| 942 |
_2ddc _cAR |
||